| 000 | 00840nam a2200289 a 4500 | ||
|---|---|---|---|
| 001 | 19058 | ||
| 003 | BD-RJUL | ||
| 005 | 20211209000358.0 | ||
| 008 | 140223s1969 enk b 000 0 eng u | ||
| 020 | _a0710062095 (P) | ||
| 020 | _a0710062087 (C) | ||
| 035 | _a(BD-RJUL)19116 | ||
| 040 |
_aAKR _dEQO _beng _cBD-RjUL |
||
| 041 | _aeng | ||
| 082 |
_a330.0151 _bHEE 1969 |
||
| 100 | 1 |
_aHenry, S. G. B. _958737 |
|
| 245 | 1 | 0 |
_aElementary Mathematical Economics / _cby S.G.B. Henry. |
| 260 |
_aLondon : _bRoutledge & Kegan Paul, _c1969. |
||
| 300 |
_ax, 111 p. : _bill. ; _c19 cm. |
||
| 490 | _aStudents Library of Economics | ||
| 504 | _aBibliography: p. 106-109. | ||
| 650 | 0 |
_aEconomics, Mathematical. _958738 |
|
| 830 | 0 |
_aStudents library of economics _9228381 |
|
| 942 |
_2ddc _cBK |
||
| 999 |
_c19058 _d19058 |
||